[Event "SR 4. liga A21 2011/2012"]
[Site "?"]
[Date "2011.12.04"]
[Round "5.3"]
[White "Lajda, Dusan"]
[Black "Spacek, Marcel"]
[Result "0-1"]
[WhiteElo "1841"]
[BlackElo "1818"]
[PlyCount "64"]
[EventDate "2011.??.??"]

1. e4 c5 2. Nf3 e6 3. d4 cxd4 4. Nxd4 a6 5. Nc3 b5 6. Bd3 Qb6 7. Nb3 Qc7 8. Bd2
Bb7 9. Ne2 Nc6 10. Ng3 Nf6 11. f4 d6 12. Qe2 Be7 13. O-O-O O-O 14. Rhe1 b4 15.
e5 Nd5 16. Qh5 g6 17. Qh6 Rfc8 18. exd6 Bxd6 19. Ne2 a5 20. Kb1 Bf8 21. Qh4 Bg7
22. g4 Qd6 23. f5 a4 24. Nbc1 a3 25. Bc4 Ne5 26. Bxd5 Bxd5 27. f6 Nf3 28. Qg3
Qc5 29. c3 Bxf6 30. Nd3 Bxa2+ 31. Kxa2 Qc4+ 32. b3 Qxd3 0-1

[Event "SR 4. liga A21 2011/2012"]
[Site "?"]
[Date "2011.12.04"]
[Round "5.3"]
[White "Pericka, Pavol"]
[Black "Bjel, Tomas"]
[Result "1-0"]
[WhiteElo "1743"]
[BlackElo "1674"]
[PlyCount "43"]
[EventDate "2011.??.??"]

1. e4 e5 2. Bc4 Nf6 3. Nf3 Nc6 4. Ng5 d5 5. exd5 Na5 6. d3 h6 7. Nf3 Bg4 8.
Bb5+ c6 9. dxc6 bxc6 10. Ba4 e4 11. Qe2 Qd5 12. Nc3 Bb4 13. Bd2 Bxc3 14. Bxc3
O-O 15. dxe4 Nxe4 16. O-O Rfe8 17. Bxa5 Ng3 18. Qd2 Ne2+ 19. Kh1 Bxf3 20. Qxd5
Bxd5 21. c4 Re4 22. b3 1-0

[Event "SR 4. liga A21 2011/2012"]
[Site "?"]
[Date "2011.12.04"]
[Round "5.4"]
[White "Bajcar, Pavol"]
[Black "Nemeckayova, Monika"]
[Result "1-0"]
[WhiteElo "1627"]
[BlackElo "1757"]
[PlyCount "37"]
[EventDate "2011.??.??"]

1. d4 Nf6 2. Bf4 d6 3. Nf3 Nbd7 4. e3 Nh5 5. Bg3 Nxg3 6. hxg3 e5 7. Nbd2 Be7 8.
Bd3 h6 9. c3 Nb6 10. Qc2 exd4 11. Nxd4 Bg4 12. Bf5 Bxf5 13. Nxf5 Bf6 14. Qe4+
Kf8 15. Qxb7 Kg8 16. Qf3 Kh7 17. Ne4 Re8 18. Nxh6 Bxc3+ 19. bxc3 1-0

[Event "SR 4. liga A21 2011/2012"]
[Site "?"]
[Date "2011.12.04"]
[Round "5.4"]
[White "Gasa, Patrik"]
[Black "Podjavorinsky, Peter"]
[Result "1-0"]
[WhiteElo "1727"]
[BlackElo "1733"]
[PlyCount "63"]
[EventDate "2011.??.??"]

1. d4 Nf6 2. c4 g6 3. Nc3 Bg7 4. e4 d6 5. f3 O-O 6. Be3 Nbd7 7. g4 e5 8. d5 Ne8
9. h4 h6 10. Qd2 Kh7 11. O-O-O c6 12. Nh3 Rh8 13. f4 exf4 14. Nxf4 Ne5 15. g5
h5 16. Be2 Qa5 17. Rhf1 Qb4 18. Nd3 Nxd3+ 19. Qxd3 Bxc3 20. Qxc3 Qxc3+ 21. bxc3
Rf8 22. c5 f5 23. cxd6 Nxd6 24. Bc5 Nxe4 25. Bxf8 Nxc3 26. Rd2 Nxd5 27. Bf3 Be6
28. Bxd5 Bxd5 29. Be7 b5 30. Re1 Re8 31. Re5 Kg8 32. Bf6 1-0

[Event "SR 4. liga A21 2011/2012"]
[Site "?"]
[Date "2011.12.04"]
[Round "5.4"]
[White "Nemeckay, Dominik"]
[Black "Podjavorinsky, Michal"]
[Result "1-0"]
[WhiteElo "1372"]
[BlackElo "1000"]
[PlyCount "47"]
[EventDate "2011.??.??"]

1. e4 d6 2. Bc4 Nf6 3. Nc3 g6 4. d3 Bg7 5. Be3 O-O 6. Qd2 Nc6 7. Bh6 Nd4 8.
Bxg7 Kxg7 9. Nf3 Nxf3+ 10. gxf3 Bh3 11. Rg1 c6 12. d4 b5 13. Bd3 b4 14. Ne2 a5
15. f4 Bd7 16. f5 Rh8 17. h4 Nh5 18. Nf4 Nxf4 19. Qxf4 Qb6 20. e5 dxe5 21.
Qxe5+ Kg8 22. h5 f6 23. Qxe7 Re8 24. Bc4+ 1-0

[Event "SR 4. liga A21 2011/2012"]
[Site "?"]
[Date "2011.12.04"]
[Round "5.4"]
[White "Pagerka, Slavomir"]
[Black "Madzo, Anton"]
[Result "1/2-1/2"]
[WhiteElo "1734"]
[BlackElo "1526"]
[PlyCount "66"]
[EventDate "2011.??.??"]

1. e4 e5 2. Nf3 d6 3. d4 exd4 4. Nxd4 Bd7 5. c4 g6 6. b3 Bg7 7. Bb2 f6 8. Qc2
Nh6 9. Nd2 O-O 10. O-O-O Nc6 11. Nxc6 Bxc6 12. f3 a5 13. a3 f5 14. Bxg7 Kxg7
15. Qc3+ Qf6 16. Qxf6+ Rxf6 17. Bd3 Re8 18. Rde1 Kf8 19. Re2 Nf7 20. Rhe1 Ne5
21. Bc2 f4 22. a4 g5 23. h3 Bd7 24. Rh1 h5 25. Nb1 h4 26. Nc3 c6 27. Rd1 Bc8
28. Red2 Rd8 29. Bd3 b6 30. Be2 Bb7 31. Kb2 Ke7 32. Nb1 c5 33. Nc3 Bc6 1/2-1/2

[Event "SR 4. liga A21 2011/2012"]
[Site "?"]
[Date "2011.12.04"]
[Round "5.4"]
[White "Tomasovic, Martin"]
[Black "Celustkova, Lubica"]
[Result "1-0"]
[WhiteElo "1490"]
[BlackElo "1430"]
[PlyCount "53"]
[EventDate "2011.??.??"]

1. e4 e5 2. Nf3 Nc6 3. Bc4 Be7 4. d3 Nf6 5. O-O O-O 6. Nc3 d6 7. h3 Be6 8. Bb3
d5 9. exd5 Nxd5 10. Nxd5 Bxd5 11. Re1 f6 12. c3 Qd6 13. Nh4 Be6 14. Nf5 Qd7 15.
Qg4 Kf7 16. Qxg7+ Ke8 17. Bxe6 Qxe6 18. Qxh7 Kd7 19. Nxe7 Nxe7 20. Qe4 Nc6 21.
d4 Qf7 22. Qf5+ Ke7 23. dxe5 Nxe5 24. Bf4 Qg7 25. Rad1 Rad8 26. Rxd8 Rxd8 27.
Bxe5 1-0

[Event "SR 4. liga A21 2011/2012"]
[Site "?"]
[Date "2011.12.04"]
[Round "5.5"]
[White "Beran, Jan ml"]
[Black "Planka, Peter"]
[Result "1-0"]
[WhiteElo "1881"]
[BlackElo "1831"]
[PlyCount "43"]
[EventDate "2011.??.??"]

1. e4 e5 2. c4 Nf6 3. Nc3 Be7 4. Nf3 d6 5. h3 O-O 6. g3 c5 7. d3 Nc6 8. Bg2 a6
9. O-O Bd7 10. Kh2 h6 11. Ng1 Kh7 12. Nge2 Ng8 13. f4 f5 14. Nd5 Be6 15. exf5
Bxf5 16. fxe5 Nxe5 17. Rxf5 Rxf5 18. Be4 g6 19. Bxf5 gxf5 20. Nef4 Bf8 21. Ne6
Qd7 22. Nxf8+ 1-0

[Event "SR 4. liga A21 2011/2012"]
[Site "?"]
[Date "2011.12.04"]
[Round "5.5"]
[White "Huska, Branislav"]
[Black "Bartos, Bohumil"]
[Result "1/2-1/2"]
[WhiteElo "1548"]
[BlackElo "1557"]
[PlyCount "51"]
[EventDate "2011.??.??"]

1. e4 d6 2. d4 Nf6 3. Nc3 g6 4. f4 Bg7 5. Nf3 O-O 6. Bd3 Nc6 7. h3 Nd7 8. Be3
e5 9. dxe5 dxe5 10. f5 b6 11. Qd2 Nf6 12. O-O-O Nb4 13. Nxe5 Nxd3+ 14. Nxd3
gxf5 15. Bg5 fxe4 16. Nxe4 Bf5 17. Nxf6+ Bxf6 18. Bh6 Bg7 19. Bxg7 Kxg7 20. g4
Bg6 21. Qf4 Qf6 22. Qxc7 Rfc8 23. Qe5 Qxe5 24. Nxe5 Rxc2+ 25. Kb1 Be4 26. Rhe1
1/2-1/2

[Event "SR 4. liga A21 2011/2012"]
[Site "?"]
[Date "2011.12.04"]
[Round "5.5"]
[White "Kubis, Ivan"]
[Black "Palka, Martin"]
[Result "0-1"]
[WhiteElo "2002"]
[BlackElo "1876"]
[PlyCount "86"]
[EventDate "2011.??.??"]

1. e4 c5 2. Nf3 d6 3. d4 cxd4 4. Nxd4 Nf6 5. Nc3 a6 6. Bg5 Nbd7 7. f4 Qc7 8.
Qf3 h6 9. Bh4 Qc5 10. O-O-O e6 11. Be2 Rb8 12. Bf2 Qc7 13. g4 b5 14. Bd3 Nc5
15. Kb1 b4 16. Nce2 Bb7 17. Ng3 Be7 18. h4 Nfd7 19. g5 Nf8 20. Qe2 g6 21. Rhe1
e5 22. fxe5 dxe5 23. Nf3 Nfe6 24. Be3 h5 25. Rf1 O-O 26. Nd2 Rfd8 27. Nxh5 gxh5
28. Qxh5 Nf4 29. Bxf4 exf4 30. g6 Bf6 31. gxf7+ Kf8 32. Rg1 Qe5 33. Rg8+ Ke7
34. f8=Q+ Rxf8 35. Rxf8 Rxf8 36. Qxe5+ Bxe5 37. Nc4 Bc7 38. Rg1 Nxd3 39. cxd3
f3 40. Ne3 Bb6 41. Rg7+ Rf7 42. Nf5+ Kf8 43. Rg3 Rxf5 0-1

[Event "SR 4. liga A21 2011/2012"]
[Site "?"]
[Date "2011.12.04"]
[Round "5.5"]
[White "Lanik, Miroslav"]
[Black "Hudacek, Josef"]
[Result "0-1"]
[WhiteElo "1936"]
[BlackElo "2046"]
[PlyCount "56"]
[EventDate "2011.??.??"]

1. e4 e5 2. Nf3 Nc6 3. Bb5 a6 4. Ba4 Nf6 5. O-O Nxe4 6. d4 b5 7. Bb3 d5 8. dxe5
Be6 9. Qe2 Be7 10. Rd1 Na5 11. Nbd2 Nxd2 12. Bxd2 Nxb3 13. axb3 O-O 14. Nd4 Qe8
15. Nxe6 fxe6 16. b4 c5 17. bxc5 Bxc5 18. Be3 Qc6 19. c3 a5 20. Bxc5 Qxc5 21.
Rd4 b4 22. Qg4 Rf5 23. cxb4 Qc2 24. h3 Qxf2+ 25. Kh2 h5 26. Qd1 Qxb2 27. Rxa5
Rxa5 28. bxa5 Rf2 0-1

[Event "SR 4. liga A21 2011/2012"]
[Site "?"]
[Date "2011.12.04"]
[Round "5.5"]
[White "Vach, Jozef"]
[Black "Tokos, Rastislav"]
[Result "1/2-1/2"]
[WhiteElo "1861"]
[BlackElo "1883"]
[PlyCount "174"]
[EventDate "2011.??.??"]

1. d4 d5 2. Nf3 Bg4 3. Ne5 Bf5 4. g4 Be4 5. f3 Bg6 6. h4 f6 7. Nxg6 hxg6 8. Qd3
Kf7 9. h5 gxh5 10. gxh5 e6 11. Qg6+ Ke7 12. Bd2 Nc6 13. c3 Qe8 14. Qg4 Nh6 15.
Qg3 Qd7 16. e4 Re8 17. Bd3 Kd8 18. Kd1 Bd6 19. Qg2 Reg8 20. Kc2 Kc8 21. a4 Na5
22. b3 c5 23. dxc5 dxe4 24. Bb5 Nc6 25. cxd6 exf3 26. Qxf3 Nf5 27. Bxc6 Qxc6
28. Qxc6+ bxc6 29. Na3 Nxd6 30. Rag1 Kd7 31. Be3 a6 32. Rd1 Kc7 33. a5 Nc8 34.
Nc4 g5 35. hxg6 Rxh1 36. Rxh1 Ne7 37. Rh7 Kd8 38. g7 Kd7 39. Bc5 e5 40. Nd6 Ke6
41. c4 f5 42. Rh6+ Kd7 43. Nf7 Rxg7 44. Nxe5+ Kd8 45. Re6 Ng8 46. Bb6+ Kc8 47.
Rxc6+ Kb7 48. Rd6 Ne7 49. Rd7+ Kc8 50. Kc3 f4 51. Rd3 Nf5 52. Rd8+ Kb7 53. Rf8
Rg5 54. c5 Ne7 55. Kd4 Rxe5 56. Rxf4 Re1 57. Rf7 Kc6 58. Kc4 Re4+ 59. Kd3 Re1
60. Kd2 Re6 61. Rf8 Kb5 62. Rd8 Nc6 63. Rd6 Re5 64. Kd3 Rf5 65. Re6 Rf4 66. Re4
Rf3+ 67. Re3 Rf4 68. Kc3 Rf2 69. Rh3 Rg2 70. Kd3 Rf2 71. Ke4 Rd2 72. Rd3 Re2+
73. Re3 Rd2 74. Rd3 Re2+ 75. Kf3 Re1 76. Kf2 Rh1 77. Ke2 Rh2+ 78. Ke3 Rh3+ 79.
Ke4 Rxd3 80. Kxd3 Nb4+ 81. Ke4 Nc6 82. Kd5 Nb4+ 83. Kd6 Nc6 84. Bc7 Nb4 85. Bd8
Nc6 86. Bb6 Nb4 87. Kc7 Nc6 1/2-1/2

[Event "SR 4. liga A21 2011/2012"]
[Site "?"]
[Date "2011.12.04"]
[Round "5.6"]
[White "Bardik, Jozef"]
[Black "Harastova, Viera"]
[Result "1/2-1/2"]
[WhiteElo "1833"]
[BlackElo "1827"]
[PlyCount "91"]
[EventDate "2011.??.??"]

1. d4 Nf6 2. c4 g6 3. Nc3 Bg7 4. e4 d6 5. f4 Nc6 6. Nf3 Bg4 7. Be2 O-O 8. O-O
Nd7 9. Be3 e5 10. fxe5 dxe5 11. d5 Bxf3 12. Rxf3 Nd4 13. Rh3 f5 14. exf5 Nxf5
15. Ne4 Nxe3 16. Rxe3 Qe7 17. Rf3 Rf4 18. Qc2 Nc5 19. Rxf4 exf4 20. Bf3 Bd4+
21. Kf1 Nxe4 22. Bxe4 Qh4 23. Rd1 Be3 24. h3 Re8 25. Bf3 Bc5 26. b4 Bxb4 27.
Qf2 Qxf2+ 28. Kxf2 Bc5+ 29. Kf1 b6 30. Re1 Rxe1+ 31. Kxe1 Kf7 32. Kd2 Kf6 33.
Kd3 Ke5 34. Be4 Kf6 35. Bf3 Ke5 36. Be4 a6 37. a4 Kf6 38. Bf3 Kf5 39. Bg4+ Ke5
40. Bf3 a5 41. Be4 Kf6 42. Bf3 h5 43. Ke4 Bd6 44. Be2 Kg5 45. Bd3 Kh4 46. Kf3
1/2-1/2

[Event "SR 4. liga A21 2011/2012"]
[Site "?"]
[Date "2011.12.04"]
[Round "5.6"]
[White "Berger, Patrik"]
[Black "Orvisky, Vladimir"]
[Result "0-1"]
[WhiteElo "1731"]
[BlackElo "1838"]
[PlyCount "79"]
[EventDate "2011.??.??"]

1. e4 Nf6 2. e5 Nd5 3. d4 d6 4. Nf3 Bg4 5. Be2 e6 6. c4 Nb6 7. Nc3 Be7 8. O-O
O-O 9. Be3 Nc6 10. exd6 cxd6 11. b3 d5 12. c5 Nd7 13. b4 Nxb4 14. Rb1 a5 15. a3
Bf5 16. Rb2 Nc6 17. Rxb7 Rb8 18. Rb5 Qc7 19. Bd3 Bg4 20. Qd2 Bxf3 21. gxf3 Nf6
22. Bf4 e5 23. dxe5 Nxe5 24. Qe3 Rxb5 25. Nxb5 Qxc5 26. Qxc5 Nxf3+ 27. Kg2 Nh4+
28. Kg3 Bxc5 29. Kxh4 h6 30. Bd6 Rc8 31. Bxc5 Rxc5 32. Re1 Kf8 33. f4 d4 34.
Kg3 Nd5 35. Kf3 f6 36. Re6 Nc3 37. Nxc3 Rxc3 38. Ke4 Rxa3 39. Kxd4 Ra4+ 40. Kd5
{biely prekrocil cas} 0-1

[Event "SR 4. liga A21 2011/2012"]
[Site "?"]
[Date "2011.12.04"]
[Round "5.6"]
[White "Drabek, Martin"]
[Black "Sedlak, Rastislav"]
[Result "1/2-1/2"]
[WhiteElo "1480"]
[BlackElo "1610"]
[PlyCount "142"]
[EventDate "2011.??.??"]

1. e4 e5 2. Nf3 Nc6 3. Bc4 Nf6 4. Nc3 Bb4 5. d3 h6 6. O-O O-O 7. Bd2 d6 8. h3
Be6 9. Nd5 Bxd2 10. Qxd2 Bxd5 11. Bxd5 Nxd5 12. exd5 Ne7 13. c4 f5 14. Rae1 c6
15. dxc6 Nxc6 16. b4 Qb6 17. b5 Nd4 18. Nh4 Rf6 19. a4 g5 20. Qa2 Kg7 21. Nf3
Nxf3+ 22. gxf3 Qd4 23. Qe2 Qh4 24. Kh2 Qf4+ 25. Kh1 b6 26. Rg1 Rg6 27. Rg3 Kf6
28. Qb2 h5 29. Qe2 h4 30. Rg2 Rc8 31. Qe3 Qxe3 32. fxe3 Rc5 33. Rc2 f4 34. e4
Rg8 35. Rd1 Rgc8 36. Rdc1 Ke7 37. Kg2 a5 38. Kf2 Ke6 39. Ke2 R5c7 40. Rg1 Kf6
41. Rd1 Rc5 42. Rc3 d5 43. Rdc1 dxe4 44. dxe4 Ke6 45. Kd3 Rd8+ 46. Ke2 Rd4 47.
R1c2 Rc7 48. Rc1 Rcd7 49. c5 Rd2+ 50. Kf1 bxc5 51. Rxc5 Rb2 52. Rc6+ Rd6 53.
Rxd6+ Kxd6 54. Rc6+ Kd7 55. Ra6 Rh2 56. Rxa5 Rxh3 57. Kg2 Rg3+ 58. Kf2 h3 59.
Ra7+ Kc8 60. Rh7 Rg2+ 61. Kf1 Ra2 62. Rxh3 Rxa4 63. Rh5 Rb4 64. Rxg5 Rxb5 65.
Kg2 Kd7 66. Kh3 Ke6 67. Rg6+ Kf7 68. Rc6 Rb3 69. Kg4 Re3 70. Ra6 Rc3 71. Rh6
Re3 1/2-1/2

[Event "SR 4. liga A21 2011/2012"]
[Site "?"]
[Date "2011.12.04"]
[Round "5.6"]
[White "Jarabek, Milan"]
[Black "Gubis, Vladimir"]
[Result "0-1"]
[WhiteElo "1552"]
[BlackElo "1837"]
[PlyCount "66"]
[EventDate "2011.??.??"]

1. e4 c5 2. Nf3 d6 3. d4 cxd4 4. Nxd4 Nf6 5. Nc3 a6 6. Be2 e6 7. Be3 Qc7 8. O-O
Nbd7 9. a4 b6 10. f4 Nc5 11. e5 Nfe4 12. Nxe4 Nxe4 13. Bf3 Bb7 14. exd6 Bxd6
15. Bg4 Bc8 16. Qd3 Nc5 17. Qd2 O-O 18. Qf2 Ne4 19. Qh4 Be7 20. Qh3 Nf6 21. f5
e5 22. Nf3 Bc5 23. Bxc5 Qxc5+ 24. Rf2 Ne4 25. Raf1 Nxf2 26. Rxf2 f6 27. Nh4 Rd8
28. Qb3+ Qd5 29. Qxb6 Bd7 30. Be2 Be8 31. b3 Bf7 32. Bc4 Qd1+ 33. Rf1 Qd4+ 0-1

[Event "SR 4. liga A21 2011/2012"]
[Site "?"]
[Date "2011.12.04"]
[Round "5.6"]
[White "Matejovic, Ludovit"]
[Black "Harasta, Marian"]
[Result "0-1"]
[WhiteElo "1691"]
[BlackElo "1639"]
[PlyCount "86"]
[EventDate "2011.??.??"]

1. e4 c5 2. Nc3 Nc6 3. Nf3 e5 4. Bc4 Nf6 5. O-O d6 6. d3 Be6 7. Bb5 Be7 8. Be3
O-O 9. Ng5 Nd4 10. Nxe6 Nxe6 11. Bc4 Nd4 12. Nd5 a6 13. Nxf6+ Bxf6 14. Bd5 Rb8
15. c3 Ne6 16. Qb3 Qe7 17. f4 Nc7 18. Bc4 b5 19. Bd5 Nxd5 20. Qxd5 Qe6 21. Qc6
a5 22. f5 Qe7 23. Rf3 Rfc8 24. Qd5 Rb6 25. Raf1 Bg5 26. Bf2 Qb7 27. Qxb7 Rxb7
28. Rh3 c4 29. d4 exd4 30. Bxd4 b4 31. Rff3 Re8 32. Rfg3 f6 33. Rg4 Rbe7 34.
Bb6 bxc3 35. Rxc3 Rxe4 36. Rxe4 Rxe4 37. Bxa5 d5 38. Kf2 Bd2 39. Ra3 Bf4 40. g3
Be5 41. Bc3 d4 42. Bd2 d3 43. b4 Re2+ 0-1

[Event "SR 4. liga A21 2011/2012"]
[Site "?"]
[Date "2011.12.18"]
[Round "6.1"]
[White "Orvisky, Vladimir"]
[Black "Slaby, Marian"]
[Result "0-1"]
[WhiteElo "1838"]
[BlackElo "1845"]
[PlyCount "84"]
[EventDate "2011.??.??"]

1. c4 e6 2. Nc3 Nf6 3. Nf3 d5 4. cxd5 exd5 5. d4 c6 6. Bf4 Nbd7 7. h3 Bb4 8. a3
Be7 9. e3 Nf8 10. Qb3 Ng6 11. Bg3 Qb6 12. Qc2 O-O 13. Bd3 Re8 14. O-O Qd8 15.
Rac1 Bd6 16. Bxd6 Qxd6 17. Na4 Ne4 18. Rfd1 f5 19. Nd2 Rf8 20. Nb3 Nh4 21. Nac5
Qg6 22. Bf1 f4 23. Nxe4 dxe4 24. exf4 Bxh3 25. f3 Bf5 26. Kh1 exf3 27. Qc4+ Be6
28. Qc2 fxg2+ 29. Bxg2 Qxc2 30. Rxc2 Bxb3 31. Rcd2 Bxd1 32. Rxd1 Nxg2 33. Kxg2
Rxf4 34. Kg3 Raf8 35. d5 cxd5 36. Rxd5 h6 37. Rd7 R8f7 38. Rd8+ Kh7 39. Rd2 h5
40. Rd3 h4+ 41. Kh3 Rf3+ 42. Rxf3 Rxf3+ 0-1

[Event "SR 4. liga A21 2011/2012"]
[Site "?"]
[Date "2011.12.18"]
[Round "6.1"]
[White "Piestansky, Jan"]
[Black "Oravec, Pavol"]
[Result "1/2-1/2"]
[WhiteElo "1593"]
[BlackElo "1528"]
[PlyCount "48"]
[EventDate "2011.??.??"]

1. e4 e6 2. d4 d5 3. exd5 exd5 4. h3 Nf6 5. Nf3 Bf5 6. Bd3 Bg6 7. Bg5 Nbd7 8.
O-O Be7 9. Re1 c6 10. Qe2 Bxd3 11. Qxd3 O-O 12. Nbd2 Bd6 13. Ne5 Qc7 14. Nxd7
Nxd7 15. Nf3 Rfe8 16. Re2 h6 17. Bd2 Nf6 18. Rae1 Re4 19. c3 Rae8 20. Be3 R8e6
21. Nd2 Rh4 22. Nf3 Rhe4 23. Nd2 Rh4 24. Nf3 Rhe4 1/2-1/2

[Event "SR 4. liga A21 2011/2012"]
[Site "?"]
[Date "2011.12.18"]
[Round "6.1"]
[White "Sedlak, Rastislav"]
[Black "Pripko, Bystrik"]
[Result "1/2-1/2"]
[WhiteElo "1610"]
[BlackElo "1655"]
[PlyCount "83"]
[EventDate "2011.??.??"]

1. e4 e5 2. Nf3 Nc6 3. Bc4 Bc5 4. O-O d6 5. h3 Nf6 6. d3 h6 7. Nc3 O-O 8. Na4
Bb6 9. Nxb6 axb6 10. a3 Be6 11. Bxe6 fxe6 12. Be3 d5 13. exd5 exd5 14. d4 exd4
15. Nxd4 Nxd4 16. Qxd4 b5 17. Rad1 c6 18. Qh4 Ne4 19. Qg4 Qf6 20. f3 Nd6 21.
Bd4 Qf7 22. Bc5 Rfd8 23. Bxd6 Rxd6 24. Rfe1 Re8 25. Kf2 Rde6 26. Rxe6 Rxe6 27.
Re1 Rxe1 28. Kxe1 h5 29. Qc8+ Kh7 30. Kf2 Qe7 31. b4 Qh4+ 32. Kg1 Qd4+ 33. Kh2
Qf4+ 34. Kg1 Qc1+ 35. Kh2 Qxc2 36. Qxb7 d4 37. Qd7 Qc4 38. Qf5+ g6 39. Qd7+ Kh6
40. Qd8 Qd5 41. Qf8+ Kh7 42. Qe7+ 1/2-1/2

[Event "SR 4. liga A21 2011/2012"]
[Site "?"]
[Date "2011.12.18"]
[Round "6.1"]
[White "Slaby, Jozef"]
[Black "Nemsak, Denis"]
[Result "1/2-1/2"]
[WhiteElo "1856"]
[BlackElo "1916"]
[PlyCount "80"]
[EventDate "2011.??.??"]

1. d4 Nf6 2. c4 g6 3. Nc3 d5 4. e3 Bg7 5. Nf3 O-O 6. Be2 b6 7. O-O Bb7 8. Bd2
Nbd7 9. Rc1 c5 10. b3 Re8 11. Nb5 Ne4 12. cxd5 Nxd2 13. Qxd2 Bxd5 14. dxc5 Nxc5
15. Rfd1 e6 16. b4 Na6 17. a3 Qe7 18. Qc2 Rec8 19. Qxc8+ Rxc8 20. Rxc8+ Bf8 21.
Rdc1 h6 22. Nbd4 Bb7 23. R8c3 Bg7 24. Bxa6 Bxa6 25. Rc7 Qd6 26. b5 e5 27. bxa6
exd4 28. exd4 Qxa3 29. d5 Qxa6 30. d6 Bf6 31. d7 Qd3 32. Rxa7 Kh7 33. h3 b5 34.
Rb7 Qd5 35. Rbc7 b4 36. Rb1 b3 37. Ne1 Qe4 38. Rcc1 Qe6 39. Rd1 Bd8 40. Kf1
Qc4+ 1/2-1/2

[Event "SR 4. liga A21 2011/2012"]
[Site "?"]
[Date "2011.12.18"]
[Round "6.1"]
[White "Vagovic, Milan"]
[Black "Gubis, Vladimir"]
[Result "0-1"]
[WhiteElo "1697"]
[BlackElo "1837"]
[PlyCount "78"]
[EventDate "2011.??.??"]

1. d4 Nf6 2. c4 d6 3. Nf3 Nbd7 4. Nc3 c6 5. e4 Qc7 6. Bf4 e5 7. Bg3 Be7 8. Qc2
O-O 9. Bd3 Nh5 10. d5 h6 11. O-O g5 12. Be2 Nf4 13. h4 a6 14. a4 Qd8 15. hxg5
hxg5 16. Nh2 Nf6 17. Nd1 Kh8 18. Ne3 Nxe4 19. Bxf4 gxf4 20. Qxe4 f5 21. Nxf5
Bxf5 22. Qf3 c5 23. Qh5+ Kg7 24. Bg4 Bg6 25. Qh3 Rh8 26. Qb3 Rb8 27. Be6 Rh4
28. g3 Rxh2 29. Kxh2 Qh8+ 30. Kg2 f3+ 31. Qxf3 Rf8 32. Qg4 Rf6 33. f4 Kf8 34.
f5 Bh5 35. Rh1 Rh6 36. Rxh5 Rxh5 37. Qg6 Rh2+ 38. Kf3 e4+ 39. Kxe4 Qd4+ 0-1

[Event "SR 4. liga A21 2011/2012"]
[Site "?"]
[Date "2011.12.18"]
[Round "6.2"]
[White "Danihel, Jozef"]
[Black "Drabek, Martin"]
[Result "1-0"]
[WhiteElo "1546"]
[BlackElo "1480"]
[PlyCount "119"]
[EventDate "2011.??.??"]

1. d4 d5 2. c4 e6 3. Nc3 Nf6 4. Bg5 Be7 5. e3 Nc6 6. Nf3 Ne4 7. Bxe7 Nxe7 8.
Nxe4 dxe4 9. Nd2 f5 10. Be2 c6 11. f3 Ng6 12. g3 exf3 13. Nxf3 Qa5+ 14. Qd2 Qc7
15. Qc3 b6 16. b4 O-O 17. O-O c5 18. Rad1 Bb7 19. Ng5 Rfe8 20. Bf3 Bxf3 21.
Nxf3 Rac8 22. dxc5 bxc5 23. b5 e5 24. Rd5 f4 25. exf4 exf4 26. g4 Re3 27. Qd2
Rce8 28. Rd7 Qc8 29. Qd5+ Kh8 30. Ng5 Ne5 31. Nf7+ Nxf7 32. Qxf7 Rg8 33. Rxf4
Qa8 34. Rb7 Qd8 35. Rd7 Qa8 36. Kf2 Rh3 37. Kg1 Re3 38. Qd5 Qe8 39. Rf2 Re5 40.
Qd6 Rg5 41. Qe7 Rxg4+ 42. Rg2 Rxg2+ 43. Kxg2 Qg6+ 44. Kf3 Qc2 45. Rd8 Qxc4 46.
Rxg8+ Qxg8 47. Qxc5 Qxa2 48. Qf8+ Qg8 49. Qxg8+ Kxg8 50. Ke4 Kf7 51. Kd5 g5 52.
Kc6 h5 53. Kb7 a5 54. bxa6 g4 55. a7 Kg6 56. a8=Q h4 57. Kc6 Kg5 58. Kd5 Kf4
59. Qf8+ Kg5 60. Ke5 1-0

[Event "SR 4. liga A21 2011/2012"]
[Site "?"]
[Date "2011.12.18"]
[Round "6.2"]
[White "Harasta, Juraj"]
[Black "Kubis, Ivan"]
[Result "0-1"]
[WhiteElo "1719"]
[BlackElo "2002"]
[PlyCount "48"]
[EventDate "2011.??.??"]

1. e4 e5 2. Nf3 Nc6 3. Bb5 a6 4. Ba4 Nf6 5. O-O b5 6. Bb3 Be7 7. Re1 O-O 8. c3
d5 9. exd5 Nxd5 10. Nxe5 Nxe5 11. Rxe5 c6 12. d4 Bd6 13. Bg5 Qc7 14. Re4 Bf5
15. Bxd5 cxd5 16. Re3 h6 17. Bh4 Bxh2+ 18. Kh1 Bf4 19. Bg3 Rae8 20. Rxe8 Rxe8
21. Bxf4 Qxf4 22. Kg1 Bg4 23. f3 Qe3+ 24. Kf1 Bf5 0-1

[Event "SR 4. liga A21 2011/2012"]
[Site "?"]
[Date "2011.12.18"]
[Round "6.2"]
[White "Harasta, Marian"]
[Black "Vach, Jozef"]
[Result "0-1"]
[WhiteElo "1639"]
[BlackElo "1861"]
[PlyCount "104"]
[EventDate "2011.??.??"]

1. d4 Nf6 2. c4 e6 3. Nf3 d5 4. Nc3 Be7 5. Qc2 Nbd7 6. e3 c6 7. b3 O-O 8. Bd3
Re8 9. O-O a6 10. a4 Nf8 11. c5 Ng6 12. Bxg6 hxg6 13. b4 Bd7 14. Ne5 Nh7 15. e4
dxe4 16. Nxe4 Nf6 17. Ng3 Nd5 18. Bd2 Rf8 19. Rab1 Be8 20. Rfe1 Rc8 21. Rb3 Nf6
22. Rd3 Qd5 23. Qc4 Rd8 24. Bg5 Rc8 25. Qxd5 cxd5 26. Ra3 Bd8 27. h4 Bc6 28.
Rb1 Ra8 29. Ne2 Ne4 30. Bxd8 Rfxd8 31. f3 Nf6 32. Nc3 Be8 33. b5 axb5 34. Nxb5
Ra5 35. Rb4 Rda8 36. Kf2 Bxb5 37. axb5 Rxa3 38. c6 b6 39. g4 Ne8 40. Nd7 R8a4
41. Rb1 Nc7 42. Nxb6 Ra5 43. Nxd5 Rxb5 44. Rxb5 Nxb5 45. c7 Nxc7 46. Nxc7 Ra5
47. Ke3 Kf8 48. Kd3 Ke7 49. Kc4 Ra1 50. Kc5 Rh1 51. d5 Rc1+ 52. Kb6 Rxc7 0-1

[Event "SR 4. liga A21 2011/2012"]
[Site "?"]
[Date "2011.12.18"]
[Round "6.2"]
[White "Hudacek, Josef"]
[Black "Berger, Patrik"]
[Result "1/2-1/2"]
[WhiteElo "2046"]
[BlackElo "1731"]
[PlyCount "131"]
[EventDate "2011.??.??"]

1. e4 e5 2. Nf3 Nc6 3. Bb5 a6 4. Ba4 Nf6 5. O-O Be7 6. Re1 b5 7. Bb3 O-O 8. d4
d6 9. c3 Bg4 10. Be3 exd4 11. cxd4 Na5 12. Bc2 Nc4 13. Bc1 c5 14. b3 Nb6 15.
dxc5 dxc5 16. Qxd8 Rfxd8 17. Ne5 Bc8 18. Nc6 Re8 19. Nxe7+ Rxe7 20. Bg5 Nbd7
21. Nc3 Bb7 22. f4 Ree8 23. Rad1 b4 24. Na4 Bc6 25. e5 h6 26. Bh4 Nh7 27. Nb2
Bb5 28. Bf5 Nhf8 29. Rd6 Ne6 30. Red1 Ndf8 31. Be4 Ra7 32. Bg3 Nd4 33. Nd3 Rc7
34. Kf2 Nfe6 35. h4 g6 36. Rd2 Kg7 37. Bh2 h5 38. Ke3 Ree7 39. Nf2 Nf5+ 40.
Bxf5 gxf5 41. Nd3 Red7 42. Nb2 Nd4 43. Rb6 Rb7 44. Rf6 Re7 45. Nd3 Bxd3 46.
Kxd3 Re6 47. Rxe6 Nxe6 48. Kc4 Rb5 49. Rd6 Ra5 50. Rd2 Kf8 51. Bg1 Ke7 52. Be3
Ke8 53. g3 Ke7 54. g4 fxg4 55. f5 Nd4 56. Bxd4 cxd4 57. Kxd4 f6 58. exf6+ Kxf6
59. Ke4 Re5+ 60. Kf4 Rxf5+ 61. Kg3 a5 62. Rd6+ Ke5 63. Ra6 Kd4 64. Rg6 Kc3 65.
Rg5 Rf3+ 66. Kg2 1/2-1/2

[Event "SR 4. liga A21 2011/2012"]
[Site "?"]
[Date "2011.12.18"]
[Round "6.2"]
[White "Planka, Peter"]
[Black "Jarabek, Milan"]
[Result "1-0"]
[WhiteElo "1831"]
[BlackElo "1552"]
[PlyCount "119"]
[EventDate "2011.??.??"]

1. e4 e5 2. Nf3 Nc6 3. Bb5 a6 4. Ba4 Nf6 5. O-O Be7 6. Re1 b5 7. Bb3 O-O 8. c3
d5 9. exd5 Nxd5 10. Nxe5 Nxe5 11. Rxe5 c6 12. d4 Bd6 13. Re1 Qh4 14. g3 Qh3 15.
Be3 Bg4 16. Qd3 Rae8 17. Nd2 Kh8 18. Qf1 f5 19. Qxh3 Bxh3 20. Bxd5 cxd5 21. f4
Re7 22. Nf3 Rfe8 23. Kf2 Bg4 24. Bd2 Bxf3 25. Kxf3 Rxe1 26. Rxe1 Rxe1 27. Bxe1
Kg8 28. Ke3 Kf7 29. Kd3 Ke7 30. b3 Kd7 31. Bd2 Kc6 32. c4 bxc4+ 33. bxc4 dxc4+
34. Kxc4 Bc7 35. Bc3 g6 36. d5+ Kd7 37. Bd4 Ba5 38. Bc3 Bc7 39. Be5 Bb6 40. Bd4
Bc7 41. Bc5 Ba5 42. Kd4 Bc7 43. a4 h6 44. Kc4 Ba5 45. Kd3 Bc7 46. Kd4 g5 47.
fxg5 hxg5 48. Kd3 Be5 49. h4 gxh4 50. gxh4 Bf4 51. h5 Bh6 52. Kd4 Bf4 53. Bf8
Ke8 54. Bg7 Kf7 55. Be5 Bh6 56. Kc5 Bd2 57. Kc6 f4 58. d6 f3 59. Bg3 Bf4 60.
Bf2 1-0

[Event "SR 4. liga A21 2011/2012"]
[Site "?"]
[Date "2011.12.18"]
[Round "6.3"]
[White "Bajcar, Pavol"]
[Black "Lanik, Miroslav"]
[Result "1/2-1/2"]
[WhiteElo "1627"]
[BlackElo "1936"]
[PlyCount "30"]
[EventDate "2011.??.??"]

1. d4 d5 2. Bf4 Nf6 3. Nf3 e6 4. e3 Bd6 5. Bg3 c6 6. Bd3 O-O 7. Nbd2 Qc7 8. O-O
Nbd7 9. c3 Re8 10. Qc2 h6 11. c4 b6 12. Rfc1 Bxg3 13. hxg3 Bb7 14. b3 Rac8 15.
Qb2 Qd6 1/2-1/2